000 00324 a2200109 4500
001 ART_57522
005 20260410161610.0
008 260409a
245 1 0 _aEl impuesto diferido y sus mitos.
100 1 _aZgaib, Alfredo O.
773 0 _tProfesional & Empresaria
_g- Año XXV, Nº 280 (ene. 2023)
_wREV70
999 _c10539
_d10539